Interference Cancellation Using An Array Of Sensors (Record no. 233616)

MARC details
000 -LEADER
fixed length control field 00683nam a2200145Ia 4500
008 - FIXED-LENGTH DATA ELEMENTS--GENERAL INFORMATION
fixed length control field 231221s9999 xx 000 0 und d
041 ## - LANGUAGE CODE
Language code of text/sound track or separate title English
082 ## - DEWEY DECIMAL CLASSIFICATION NUMBER
Classification number CPEC15-1091
100 ## - MAIN ENTRY--PERSONAL NAME
Personal name Vidya Ravi . Koshy George.
245 #0 - TITLE STATEMENT
Title Interference Cancellation Using An Array Of Sensors
260 ## - PUBLICATION, DISTRIBUTION, ETC.
Date of publication, distribution, etc. 2015
500 ## - GENERAL NOTE
General note Interference Cancellation Using An Array Of Sensors Vidya Ravi and Koshy George PES Centre for Intelligent Systems; Dept. of Telecommunication Engineering, PES Institute of Technology, Bangalore. Proceedings of the 12th IEEE India International Conference (INDICON 2015), New Delhi, India
650 ## - SUBJECT ADDED ENTRY--TOPICAL TERM
Topical term or geographic name entry element Interference,Cancellation,Using,Array,Sensors
942 ## - ADDED ENTRY ELEMENTS (KOHA)
Koha item type Institutional repository
Holdings
Date last seen Total checkouts Full call number Accession number Price effective from Category Lost status Damaged status Department Withdrawn status Home library Current library Shelving location Entry date Grants Currency symbol Conversion rate Discount Old discount
26/01/2024   CPEC15-1091 IR1091 26/01/2024 Institutional repository     EC   Central Library Central Library Central Library   EC RS 1    

© For any Suggestions or Query, please contact the library staff @ librarian@pes.edu or Phone: +9180 2672 1983/ 2108.